Prospectus of major confidence building measures (CBMs) between India and Pakistan: opportunities and challenges (Record no. 114717)

000 -LEADER
fixed length control field 00546pab a2200169 454500
008 - FIXED-LENGTH DATA ELEMENTS--GENERAL INFORMATION
fixed length control field 180718b2017 xxu||||| |||| 00| 0 eng d
100 ## - MAIN ENTRY--PERSONAL NAME
Personal name Ejilvanan
245 ## - TITLE STATEMENT
Title Prospectus of major confidence building measures (CBMs) between India and Pakistan: opportunities and challenges
260 ## - PUBLICATION, DISTRIBUTION, ETC.
Date of publication, distribution, etc. 2017
300 ## - PHYSICAL DESCRIPTION
Extent p.19-22.
362 ## - DATES OF PUBLICATION AND/OR SEQUENTIAL DESIGNATION
Dates of publication and/or sequential designation Jan-Jun
650 ## - SUBJECT ADDED ENTRY--TOPICAL TERM
Topical term or geographic name entry element India - Foreign relations - Pakistan
650 ## - SUBJECT ADDED ENTRY--TOPICAL TERM
Topical term or geographic name entry element International relations
700 ## - ADDED ENTRY--PERSONAL NAME
Personal name Mir, Rameez Raja
773 ## - HOST ITEM ENTRY
Main entry heading South Asian Journal of Socio-Political Studies
909 ## -
-- 114723
Holdings
Withdrawn status Lost status Damaged status Not for loan Permanent Location Current Location Date acquired Serial Enumeration / chronology Barcode Date last seen Price effective from Koha item type
        Indian Institute of Public Administration Indian Institute of Public Administration 2018-07-19 Volume no: 17, Issue no: 2 AR115183 2018-07-19 2018-07-19 Articles

Powered by Koha